| 000 | 00717cam a22001937a 4500 | ||
|---|---|---|---|
| 020 | _a9054102411 | ||
| 082 | 0 | 0 |
_a625.84 _bCEM _cL-39, P-168 |
| 245 | 1 | 0 |
_aCement concrete pavements / _cMaurice Villemagne, Yves Charonnat and Jean-Louis Nissoux, volume editors. |
| 260 |
_aRotterdam ; _aBrookfield, Vt. : _bA. A. Balkema, _cc1996. |
||
| 300 |
_axv, 253 p. : _bill. ; _c25 cm. |
||
| 526 |
_a0 _b0 _c0 _d625_840000000000000_CEM |
||
| 650 | 0 |
_aMCE _9379 |
|
| 650 | 0 |
_aPavements, Concrete _zFrance. _943822 |
|
| 700 | 1 |
_aCharonnat, Yves. _943823 |
|
| 700 | 1 |
_aNissoux, Jean-Louis. _943824 |
|
| 700 | 1 |
_aVillemagne, Maurice. _943825 |
|
| 856 | 4 | 2 | _uhttp://www.loc.gov/catdir/enhancements/fy0909/99227226-d.html |
| 942 |
_2ddc _cBK |
||
| 999 |
_c547678 _d547678 |
||